Most Common Household Pests - Statistics

General Stats
  • This quiz has been taken 42 times
  • The average score is 14 of 20
Answer Stats
Picture Answer % Correct
MOUSE
97%
RAT
97%
COCKROACH
92%
FLY
92%
HOUSE SPIDER
92%
ANT
90%
FLEA
85%
MOSQUITO
79%
BED BUG
64%
CLOTHES MOTH
64%
HOUSE CENTIPEDE
64%
MILLIPEDE
64%
HOUSE CRICKET
62%
TERMITE
62%
FURNITURE BEETLE
54%
SILVERFISH
54%
WOODLOUSE
54%
BOOK LICE
51%
EARWIG
51%
DUST MITE
31%
No matching quizzes found
Score Distribution
Percent of People with Each Score
Percentile by Number Answered
Your Score History
You have not taken this quiz